|
|
|
|
| LEADER |
00000cam a2200000 7i4500 |
| 001 |
0000000688 |
| 005 |
20000922.0 |
| 020 |
0 |
0 |
|a 9679423301
|
| 090 |
0 |
0 |
|a 338.109595
|b PEM 1995
|
| 245 |
0 |
0 |
|a PEMBANGUNAN pertanian lestari
|c disunting oleh Nik Hashim Mustapha, Mohd. Fauzi Mohd. Jani
|
| 260 |
0 |
0 |
|a Bangi, Selangor :
|b Penerbit UKM ,
|c 1995
|
| 300 |
|
|
|a 389 p. :
|b ill. ;
|c 23 cm.
|
| 500 |
0 |
0 |
|a Includes bibliographical references and index
|
| 650 |
0 |
0 |
|a Agricultural industries
|z Malaysia
|
| 650 |
0 |
0 |
|a Agriculture
|x Economic aspects
|z Malaysia
|
| 700 |
0 |
1 |
|a Mohd. Fauzi Mohd Jani
|
| 700 |
0 |
1 |
|a Nik Hashim Mustapha
|
| 999 |
|
|
|a 0000001777
|b Monograph
|c Open Shelf
|e Default branch
|